Código procesal civil y comercial de la provincia de Buenos Aires : y normas complementarias.

Guardado en:
Otros Autores: Echevesti, Carlos E., (comp.), Echevesti, Rosario, (comp.)
Formato: Libro
Idioma:Undetermined
Publicado: Buenos Aires : Hammurabi, 2023.
Edición:5a. ed.
Series:Códigos Hammurabi
Materias:
Etiquetas: Agregar Etiqueta
Sin Etiquetas, Sea el primero en etiquetar este registro!
LEADER 00648nam a22001935a 4500
001 DER.der014815
008 230602s2023####ag############000#0#und#d
005 20250515140014.0
245 1 0 |a Código procesal civil y comercial de la provincia de Buenos Aires :  |b y normas complementarias. 
250 |a 5a. ed. 
260 |a Buenos Aires :  |b Hammurabi,  |c 2023. 
300 |a 576 p. 
490 1 |a Códigos Hammurabi 
020 |a 9789878053905 
240 1 0 |a Buenos Aires - Códigos 
700 1 |a Echevesti, Carlos E.,  |e comp. 
700 1 |a Echevesti, Rosario,  |e comp. 
650 7 |a DERECHO PROCESAL CIVIL Y COMERCIAL 
859 |a DERECHO  |b BIB. DERECHO  |h 348.023  |i COD  |p 0010197